[Event "Vaujany op-B 6th"]
[Site "Vaujany"]
[Date "2015.07.14"]
[Round "6"]
[White "Baudewyn, Ludovic"]
[Black "David, Dorian Ciprian"]
[Result "0-1"]
[WhiteElo "1808"]
[BlackElo "1730"]
[PlyCount "76"]
[EventDate "2015.07.08"]
[EventType "swiss"]
[EventRounds "9"]
[EventCountry "FRA"]
[SourceTitle "EXT 2017"]
[Source "ChessBase"]
[SourceDate "2016.10.25"]
[SourceVersion "1"]
[SourceVersionDate "2016.10.25"]
[SourceQuality "1"]

1. d4 b5 2. Bg5 Bb7 3. Nd2 h6 4. Bh4 Nf6 5. e3 a6 6. Ngf3 e6 7. a4 b4 8. c4 c5 9. Bxf6 Qxf6 10. e4 cxd4 11. e5 Qf5 12. Qb1 Qxb1+ 13. Rxb1 Bxf3 14. Nxf3 Nc6 15. Bd3 f5 16. exf6 gxf6 17. Nd2 Be7 18. 0-0 0-0-0 19. c5 Kb7 20. Nb3 f5 21. Rbc1 Rhg8 22. Be2 Bf6 23. Bf3 Kc7 24. Be2 Ra8 25. Rfd1 e5 26. Bc4 Rg7 27. Bd5 Rd8 28. Rc4 Rb8 29. Bxc6 dxc6 30. f4 Rbg8 31. Rd2 d3 32. fxe5 Bxe5 33. Nd4 Rg4 34. Nf3 Rxc4 35. Nxe5 Rc1+ 36. Kf2 Rc2 37. Nf3 Rxd2+ 38. Nxd2 Re8 0-1

[Event "Saint Affrique op 22nd"]
[Site "Saint Affrique"]
[Date "2014.07.24"]
[Round "7"]
[White "Baudewyn, Ludovic"]
[Black "Joyeux, Gerard"]
[Result "1-0"]
[WhiteElo "1843"]
[BlackElo "1692"]
[PlyCount "71"]
[EventDate "2014.07.19"]
[EventType "swiss"]
[EventRounds "9"]
[EventCountry "FRA"]
[SourceTitle "CBM 161 Extra"]
[Source "ChessBase"]
[SourceDate "2014.08.29"]
[SourceVersion "1"]
[SourceVersionDate "2014.08.29"]
[SourceQuality "1"]

1. d4 d5 2. c4 e5 3. dxe5 d4 4. Nf3 Nc6 5. g3 Nge7 6. Bg5 h6 7. Bxe7 Bxe7 8. Bg2 0-0 9. Nbd2 Bb4 10. 0-0 Bxd2 11. Qxd2 Re8 12. Rad1 Nxe5 13. Qxd4 Qxd4 14. Rxd4 Nc6 15. Rd2 Nb4 16. a3 Na6 17. b4 c6 18. e3 Nc7 19. Nd4 c5 20. bxc5 Rb8 21. Rb1 Ne6 22. c6 Nxd4 23. Rxd4 Bf5 24. Rxb7 Rbc8 25. c7 a5 26. g4 Be6 27. Bd5 Kh7 28. Bxe6 fxe6 29. Rd7 Kg6 30. Ra7 Kf6 31. c5 e5 32. Ra6+ Re6 33. Rdd6 Rxd6 34. cxd6 Ke6 35. Kf1 Kd7 36. Rb6 1-0

[Event "Saint Affrique op 22nd"]
[Site "Saint Affrique"]
[Date "2014.07.22"]
[Round "5"]
[White "Lalot, Hugues"]
[Black "Baudewyn, Ludovic"]
[Result "0-1"]
[WhiteElo "1573"]
[BlackElo "1843"]
[PlyCount "78"]
[EventDate "2014.07.19"]
[EventType "swiss"]
[EventRounds "9"]
[EventCountry "FRA"]
[SourceTitle "CBM 161 Extra"]
[Source "ChessBase"]
[SourceDate "2014.08.29"]
[SourceVersion "1"]
[SourceVersionDate "2014.08.29"]
[SourceQuality "1"]

1. d4 e6 2. c4 Nf6 3. Nf3 b6 4. g3 Ba6 5. b3 b5 6. cxb5 Bxb5 7. Bg2 Bc6 8. 0-0 a5 9. Nc3 Be7 10. Qc2 d5 11. Ne5 Bb7 12. Nb5 c6 13. Nc3 Nbd7 14. Nd3 Qb6 15. e3 0-0 16. Na4 Qb5 17. Nac5 Nxc5 18. Nxc5 Bxc5 19. Qxc5 Qxc5 20. dxc5 Nd7 21. Ba3 Ba6 22. Rfc1 Ne5 23. Rd1 Nd3 24. Bf1 Nb4 25. Bxb4 axb4 26. Bg2 Be2 27. Rd4 Rfb8 28. e4 Ra5 29. Rd2 Bh5 30. Rc2 Bg6 31. f3 Rbb5 32. Rac1 Ra3 33. Kf2 Rba5 34. Rb2 Rxa2 35. Rcc2 Rxb2 36. Rxb2 Rxc5 37. Ke3 Rc3+ 38. Kd4 f6 39. f4 c5# 0-1

[Event "Saint Affrique op 22nd"]
[Site "Saint Affrique"]
[Date "2014.07.21"]
[Round "4"]
[White "Baudewyn, Ludovic"]
[Black "Jackson, Edgar"]
[Result "1-0"]
[WhiteElo "1843"]
[BlackElo "1602"]
[PlyCount "65"]
[EventDate "2014.07.19"]
[EventType "swiss"]
[EventRounds "9"]
[EventCountry "FRA"]
[SourceTitle "CBM 161 Extra"]
[Source "ChessBase"]
[SourceDate "2014.08.29"]
[SourceVersion "1"]
[SourceVersionDate "2014.08.29"]
[SourceQuality "1"]

1. d4 Nf6 2. c4 g6 3. Nc3 Bg7 4. e4 d6 5. f3 0-0 6. Bg5 Na6 7. Qd2 c5 8. d5 Bd7 9. Nge2 Nc7 10. Nc1 a6 11. a4 Rb8 12. a5 Be8 13. Bh6 e5 14. Bxg7 Kxg7 15. g4 Rh8 16. Nd3 h5 17. Be2 Bd7 18. g5 Nh7 19. h4 b5 20. axb6 Rxb6 21. f4 exf4 22. Qxf4 Re8 23. Qf2 Rb7 24. 0-0-0 a5 25. Rhf1 Re7 26. e5 Bf5 27. exd6 Qxd6 28. Qxc5 Qxc5 29. Nxc5 Rb4 30. Bd3 Bxd3 31. Nxd3 Rxc4 32. d6 Rd7 33. Ne5 1-0

[Event "La Rosiere op"]
[Site "Bourg Saint Maurice"]
[Date "2013.08.25"]
[Round "1"]
[White "Baudewyn, Ludovic"]
[Black "Laronche, Thomas"]
[Result "1-0"]
[WhiteElo "1859"]
[BlackElo "1448"]
[PlyCount "59"]
[EventDate "2013.08.25"]
[EventType "swiss"]
[EventRounds "7"]
[EventCountry "FRA"]
[SourceTitle "EXT 2015"]
[Source "ChessBase"]
[SourceDate "2014.11.20"]
[SourceVersion "1"]
[SourceVersionDate "2014.11.20"]
[SourceQuality "1"]

1. d4 Nf6 2. c4 g6 3. Nc3 d6 4. e4 Bg7 5. f3 0-0 6. Bg5 h6 7. Be3 Nc6 8. Qd2 Kh7 9. Bd3 e5 10. d5 Ne7 11. Nge2 Ne8 12. 0-0-0 f5 13. exf5 Nxf5 14. Bf2 Nf6 15. g4 Ne7 16. Ng3 Neg8 17. h4 Ne8 18. h5 Rxf3 19. hxg6+ Kh8 20. g5 Qe7 21. gxh6 Nxh6 22. Nh5 Kg8 23. Bh4 Qf8 24. Rdf1 Ng4 25. Nxg7 Nxg7 26. Be2 Rxf1+ 27. Rxf1 Qe8 28. Bxg4 Bxg4 29. Qh6 Nf5 30. Qh7+ 1-0

[Event "Vaujany op-A 2nd"]
[Site "Vaujany"]
[Date "2011.07.14"]
[Round "1"]
[White "Bea, Boglarka"]
[Black "Baudewyn, Ludovic"]
[Result "1-0"]
[WhiteElo "2143"]
[BlackElo "1850"]
[PlyCount "85"]
[EventDate "2011.07.14"]
[EventType "swiss"]
[EventRounds "9"]
[EventCountry "FRA"]
[SourceTitle "EXT 2012"]
[Source "ChessBase"]
[SourceDate "2011.11.24"]
[SourceVersion "1"]
[SourceVersionDate "2011.11.24"]
[SourceQuality "1"]

1. e4 e6 2. d4 d5 3. Nc3 Nf6 4. e5 Nfd7 5. f4 c5 6. Nf3 Nc6 7. Be3 a6 8. Qd2 b5 9. a3 Qb6 10. Rd1 cxd4 11. Nxd4 Nxd4 12. Bxd4 Bc5 13. Be2 Bxd4 14. Qxd4 Qxd4 15. Rxd4 Nb6 16. a4 Bd7 17. axb5 axb5 18. Nxb5 Ra1+ 19. Rd1 Ra2 20. Rb1 Ke7 21. Nc3 Ra5 22. Kf2 Rha8 23. Rhd1 Na4 24. Nxa4 Bxa4 25. b3 Bb5 26. c4 dxc4 27. bxc4 Bc6 28. Rb6 R5a6 29. Rxa6 Rxa6 30. Rd6 Bb7 31. Rxa6 Bxa6 32. Ke3 Ke8 33. Kd4 Kd8 34. Kc5 Kc7 35. Bd3 h6 36. Be4 Bc8 37. g4 g5 38. fxg5 hxg5 39. Bc6 Kd8 40. Kd6 Ba6 41. Bb5 Bb7 42. c5 Bf3 43. c6 1-0